Percy Jackson Chapter Titles Quiz Stats

 Plays Quiz not verified by Sporcle

Also try: Percy Jackson Pets
Challenge
Share
Tweet
Embed
Score 0/105 Timer 20:00
0 Plays Today
Book Chapter Name % Correct
The Lightning ThiefI Accidentally Vaporize My Pre-Algebra Teacher
65%
The Lightning ThiefI Become Supreme Lord of the Bathroom
60.5%
The Lightning ThiefThree Old Ladies Knit the Socks of Death
53.5%
The Lightning ThiefGrover Unexpectedly Loses His Trousers
53.5%
The Lightning ThiefMy Mother Teaches Me Bullfighting
52.9%
The Lightning ThiefMy Dinner Goes Up in Smoke
52.2%
The Lightning ThiefWe Capture a Flag
50.3%
The Lightning ThiefI Am Offered a Quest
47.1%
The Lightning ThiefI Play Pinochle with a Horse
46.5%
The Lightning ThiefI Battle My Jerk Relative
46.5%
The Lightning ThiefI Plunge to My Death
45.2%
The Lightning ThiefA God Buys Us Cheeseburgers
45.2%
The Lightning ThiefAnnabeth Does Obedience School
45.2%
The Lightning ThiefWe Get Advice from a Poodle
43.3%
The Lightning ThiefWe Take a Zebra to Vegas
42.7%
The Lightning ThiefI Ruin a Perfectly Good Bus
41.4%
The Lightning ThiefWe Visit the Garden Gnome Emporium
41.4%
The Lightning ThiefWe Shop for Waterbeds
40.8%
The Lightning ThiefThe Prophecy Comes True
40.8%
The Lightning ThiefI Settle My Tab
38.2%
Sea of MonstersMy Best Friend Shops for a Wedding Dress
38.2%
Sea of MonstersI Play Dodgeball with Cannibals
37.6%
The Lightning ThiefWe Find Out the Truth, Sort Of
36.3%
The Lightning ThiefI Become a Known Fugitive
35.7%
The Last OlympianPigs Fly
35%
Sea of MonstersAnnabeth Tries to Swim Home
33.8%
Sea of MonstersI Have the Worst Family Reunion Ever
33.1%
The Titan's CurseThalia Torches New England
33.1%
Sea of MonstersWe Hail the Taxi of Eternal Torment
32.5%
Sea of MonstersTyson Plays with Fire
32.5%
Sea of MonstersClarisse Blows Up Everything
32.5%
Sea of MonstersThe Party Ponies Invade
32.5%
The Last OlympianBlackjack Gets Jacked
32.5%
Sea of MonstersI Get a New Cabin Mate
31.8%
Sea of MonstersWe Board the Princess Andromeda
31.8%
Book Chapter Name % Correct
The Battle of the LabyrinthNico Buys Happy Meals for the Dead
31.8%
The Battle of the LabyrinthI Scoop Poop
31.8%
The Last OlympianWe Win Fabulous Prizes
31.2%
Sea of MonstersNobody Gets the Fleece
30.6%
Sea of MonstersThe Fleece Works Its Magic Too Well
29.9%
The Titan's CurseBianca di Angelo Makes a Choice
29.9%
The Last OlympianGo Cruising with Explosives
29.9%
Sea of MonstersDemon Pigeons Attack
29.3%
Sea of MonstersWe Hitch a Ride with Dead Confederates
29.3%
Sea of MonstersWe Check In to C.C's Spa & Resort
29.3%
Sea of MonstersThe Chariot Race Ends with a Bang
29.3%
The Titan's CurseI Learn How to Grow Zombies
29.3%
The Battle of the LabyrinthI Battle the Cheerleading Squad
29.3%
The Titan's CurseI Make a Dangerous Promise
28.7%
The Titan's CurseThe Gods Vote How to Kill Us
28.7%
The Last OlympianI Am Dumped
28.7%
The Battle of the LabyrinthThe Underworld Sends Me a Prank Call
28%
The Battle of the LabyrinthWe Steal Some Slightly Used Wings
28%
The Last OlympianMy Cookies Get Scorched
28%
The Last OlympianI Take the Worst Bath Ever
28%
Sea of MonstersWe Meet the Sheep of Doom
27.4%
The Titan's CurseI Get a New Enemy for Christmas
27.4%
The Titan's CurseWe Visit the Junkyard of the Gods
26.8%
The Battle of the LabyrinthWe Visit the Demon Dude Ranch
26.8%
The Battle of the LabyrinthI Open a Coffin
26.8%
The Last OlympianWe Say Goodbye, Sort Of
26.8%
The Titan's CurseThe Vice-Principal Gets a Missile Launcher
26.1%
The Titan's CurseEverybody Hates Me but the Horse
26.1%
The Titan's CurseI Wrestle Santa's Evil Twin
26.1%
The Battle of the LabyrinthAnnabeth Breaks the Rules
26.1%
The Battle of the LabyrinthTyson Leads a Jailbreak
26.1%
The Battle of the LabyrinthThe Lost God Speaks
26.1%
The Last OlympianRachel Makes a Bad Deal
26.1%
Sea of MonstersI Accept Gifts From a Stranger
25.5%
The Titan's CurseI Make an Underwater Phone Call
25.5%
Book Chapter Name % Correct
The Titan's CurseGrover Gets a Lamborghini
25.5%
The Titan's CurseI Have a Dam Problem
25.5%
The Titan's CurseWe Meet the Dragon of Eternal Bad Breath
24.8%
The Last OlympianWe Burn a Metal Shroud
24.8%
The Last OlympianI Drive My Dog into a Tree
24.8%
The Last OlympianMy Parents Go Commando
24.8%
Sea of MonstersI Go Down with the Ship
24.2%
The Battle of the LabyrinthWe Play the Game Show of Death
24.2%
The Last OlympianI Meet Some Fishy Relatives
24.2%
The Battle of the LabyrinthThe Council Gets Cloven
23.6%
The Battle of the LabyrinthMy Birthday Party Takes a Dark Turn
23.6%
The Titan's CurseI Put on a Few Million Extra Kilograms
22.9%
The Battle of the LabyrinthWe Meet the God with Two Faces
22.9%
The Last OlympianI Get a Sneak Peek at My Death
22.9%
The Last OlympianWe Trash the Eternal City
22.9%
The Titan's CurseMy Rescue Operation Goes Very Wrong
22.3%
The Battle of the LabyrinthI Set Myself on Fire
22.3%
The Battle of the LabyrinthI Take a Permanent Vacation
22.3%
Sea of MonstersWe Get a Surprise on Miami Beach
21.7%
The Last OlympianI Sit on Hot Seat
21.7%
The Titan's CurseAn Old Dead Friend Comes to Visit
21%
The Titan's CurseA Friend Says Goodbye
21%
The Battle of the LabyrinthWe Play Tag with Scorpions
21%
The Battle of the LabyrinthGrover Causes a Stampede
21%
The Last OlympianTwo Snakes Save My Life
21%
The Battle of the LabyrinthMy Brother Duels Me to the Death
20.4%
The Last OlympianI Buy Some New Friends
19.7%
The Titan's CurseI Go Snowboarding with a Pig
19.1%
The Last OlympianChiron Throws a Party
19.1%
The Titan's CurseI Break a Few Rocket Ships
18.5%
The Battle of the LabyrinthWe Hire a New Guide
18.5%
The Last OlympianWe Break a Bridge
18.5%
The Last OlympianMy Maths Teacher Gives Me a Lift
17.8%
The Last OlympianA Titan Brings Me a Present
16.6%
The Last OlympianWe Get Help from a Thief
12.1%

You're not logged in!

Compare scores with friends on all Sporcle quizzes.
Join for Free
OR
Log In

You Might Also Like...

Show Comments

Extras

Top Quizzes Today


Score Distribution

Your Account Isn't Verified!

In order to create a playlist on Sporcle, you need to verify the email address you used during registration. Go to your Sporcle Settings to finish the process.

Report this User

Report this user for behavior that violates our Community Guidelines.

Details: